[Event "Titled Tue 17th Jun Early"]
[Site "chess.com INT"]
[Date "2025.06.17"]
[Round "3"]
[White "Tiitta, Sauli"]
[Black "Kulnev, Aleksandr"]
[Result "1-0"]
[BlackTitle "CM"]
[WhiteElo "2157"]
[BlackElo "2213"]
[WhiteFideId "502251"]
[BlackFideId "54157544"]
[EventDate "2025.06.17"]

1. g4 e5 2. d4 exd4 3. Nf3 d5 4. Nxd4 Bxg4 5. Rg1 h5 6. h3 Bc8 7. Bg5 Nf6 8. Qd3
Bb4+ 9. c3 Bd6 10. Nf5 g6 11. Qe3+ Kf8 12. Bh6+ Kg8 13. Nxd6 Qxd6 14. Bf4 Qe6
15. Qxe6 Bxe6 16. Bxc7 Nc6 17. Nd2 d4 18. Bg2 dxc3 19. bxc3 Rc8 20. Bh2 Kh7 21.
Rb1 b6 22. Bxc6 1-0

[Event "Titled Tue 17th Jun Early"]
[Site "chess.com INT"]
[Date "2025.06.17"]
[Round "3"]
[White "Xue, Haowen"]
[Black "Zeliantsova, Kseniya"]
[Result "1-0"]
[WhiteTitle "GM"]
[BlackTitle "WFM"]
[WhiteElo "2518"]
[BlackElo "2062"]
[WhiteFideId "8625492"]
[BlackFideId "13512617"]
[EventDate "2025.06.17"]

1. h3 c5 2. e3 Nc6 3. d4 cxd4 4. exd4 Nf6 5. c3 g6 6. Bd3 Bg7 7. Nf3 O-O 8. O-O
d6 9. Re1 Qc7 10. Bf4 Re8 11. Nbd2 b6 12. Bh2 Bb7 13. Bf1 Rad8 14. Qb3 Qc8 15.
a4 e5 16. dxe5 Nxe5 17. Nd4 Bd5 18. Qb5 Bh6 19. Rad1 Qa8 20. a5 Nfd7 21. f4 a6
22. Qxa6 Nc6 23. Qxa8 Rxa8 24. Rxe8+ Rxe8 25. Nb5 Nxa5 26. Nc7 Rc8 27. Nxd5 Bg7
28. Ne7+ 1-0

[Event "Titled Tue 17th Jun Early"]
[Site "chess.com INT"]
[Date "2025.06.17"]
[Round "3"]
[White "Newansa, M Esandi"]
[Black "Omariev, Maksim"]
[Result "1-0"]
[WhiteTitle "WCM"]
[BlackTitle "FM"]
[WhiteElo "1945"]
[BlackElo "2304"]
[WhiteFideId "9999060"]
[BlackFideId "4193423"]
[EventDate "2025.06.17"]

1. d4 h5 2. Bf4 h4 3. h3 d6 4. e3 Nc6 5. Nf3 e6 6. c4 Be7 7. Nc3 Nf6 8. d5 Nb8
9. Bg5 Nxd5 10. Nxd5 exd5 11. Bxe7 Qxe7 12. Qxd5 Nc6 13. a3 Be6 14. Qe4 O-O-O
15. Be2 Qf6 16. O-O-O Bf5 17. Qd5 Bg6 18. Bd3 Rh5 19. Bxg6 Rxd5 20. cxd5 fxg6
21. dxc6 bxc6 22. Rd4 g5 23. Rhd1 Re8 24. Rg4 Kb7 25. Rxg5 Re4 26. Ra5 c5 27.
Nd2 Re8 28. Rf1 Qe6 29. Ra4 Qa2 30. Kc2 Re7 31. Rc4 d5 32. Rxc5 Re6 33. Nb3 Rb6
34. Rc3 Ka8 35. Ra1 Rxb3 36. Rxa2 1-0

[Event "Titled Tue 17th Jun Early"]
[Site "chess.com INT"]
[Date "2025.06.17"]
[Round "3"]
[White "Danzer, George"]
[Black "Bolashakov, Nurali"]
[Result "0-1"]
[WhiteTitle "CM"]
[BlackTitle "CM"]
[WhiteElo "2172"]
[BlackElo "2242"]
[WhiteFideId "4659465"]
[BlackFideId "13792105"]
[EventDate "2025.06.17"]

1. e4 c5 2. Nf3 d5 3. exd5 Qxd5 4. Nc3 Qd8 5. d4 cxd4 6. Qxd4 Qxd4 7. Nxd4 e6 8.
Ndb5 Na6 9. Be3 Bd7 10. Nxa7 Nf6 11. O-O-O Be7 12. Nab5 O-O 13. a3 Bc5 14. Bxc5
Nxc5 15. f3 Rfd8 16. Be2 h5 17. h4 Kf8 18. Rd2 Ke7 19. Rhd1 Rac8 20. Nd6 Rc7 21.
Nde4 Ncxe4 22. Nxe4 Nd5 23. Kb1 Ne3 24. Rg1 Ba4 25. b3 Rxd2 26. Nxd2 Rxc2 0-1

[Event "Titled Tue 17th Jun Early"]
[Site "chess.com INT"]
[Date "2025.06.17"]
[Round "3"]
[White "Beyer, Lorenz"]
[Black "Piesik, Piotr"]
[Result "0-1"]
[WhiteTitle "CM"]
[BlackTitle "IM"]
[WhiteElo "2226"]
[BlackElo "2436"]
[WhiteFideId "16245393"]
[BlackFideId "1136194"]
[EventDate "2025.06.17"]

1. d4 Nf6 2. Bf4 g6 3. h3 Bg7 4. Nf3 d6 5. e3 O-O 6. Be2 b6 7. O-O Bb7 8. c3
Nbd7 9. a4 a6 10. Bh2 c5 11. Nbd2 Rc8 12. Qb3 Qc7 13. Qa3 Qb8 14. Rad1 Qa8 15.
Rfe1 Rfe8 16. Rf1 Ne4 17. Nxe4 Bxe4 18. Ne1 Nf6 19. Bf3 Qc6 20. Bxe4 Nxe4 21.
Nf3 Ra8 22. Nd2 Nf6 23. Nf3 c4 24. b3 cxb3 25. Qxb3 Rec8 26. Rc1 b5 27. axb5
Qxb5 28. Qa2 Qc4 29. Qxc4 Rxc4 30. Nd2 Rc7 31. c4 Rb7 32. c5 dxc5 33. dxc5 Rc8
34. c6 Rb6 35. c7 Ne8 36. Nc4 Rc6 37. Na5 Rxc1 38. Rxc1 e5 39. Bg3 Rxc7 40. Rb1
Kf8 41. Rb6 Rc1+ 42. Kh2 Nc7 43. Nc6 f6 44. Rb8+ Kf7 45. Rb7 Rxc6 0-1

[Event "Titled Tue 17th Jun Early"]
[Site "chess.com INT"]
[Date "2025.06.17"]
[Round "3"]
[White "Goh, Zi Han"]
[Black "Stefanov, Plamen"]
[Result "1-0"]
[WhiteTitle "FM"]
[WhiteElo "2275"]
[BlackElo "1982"]
[WhiteFideId "5819156"]
[BlackFideId "2900980"]
[EventDate "2025.06.17"]

1. d4 Nf6 2. c4 c5 3. d5 b5 4. cxb5 a6 5. b6 Qxb6 6. Nc3 d6 7. Nf3 g6 8. e4 Bg7
9. Be2 O-O 10. O-O Nbd7 11. a4 Ng4 12. Nd2 e5 13. Bxg4 f5 14. Be2 Nf6 15. a5 Qd8
16. Ra4 Rb8 17. Nc4 Rb4 18. Bg5 h6 19. Bxf6 Qxf6 20. Nb6 Rxa4 21. Qxa4 f4 22.
Nxc8 Rxc8 23. Bxa6 Rb8 24. Be2 f3 25. Bxf3 Qh4 26. a6 Qd8 27. a7 Ra8 28. Ra1 Bf6
29. Qc6 Be7 30. Nb5 c4 31. Qxa8 Qxa8 32. Nc7 Qxa7 33. Rxa7 Bd8 34. Ra8 1-0

[Event "Titled Tue 17th Jun Early"]
[Site "chess.com INT"]
[Date "2025.06.17"]
[Round "3"]
[White "Shimanov, Aleksandr"]
[Black "Peczely, Sebastian Zsombor"]
[Result "1-0"]
[WhiteTitle "GM"]
[BlackTitle "FM"]
[WhiteElo "2578"]
[BlackElo "2309"]
[WhiteFideId "4198603"]
[BlackFideId "750964"]
[EventDate "2025.06.17"]

1. d4 Nf6 2. c4 e6 3. Nf3 d5 4. Bg5 Be7 5. Nc3 O-O 6. e3 c6 7. Rc1 Nbd7 8. a3 a6
9. Qc2 b5 10. c5 Nh5 11. Bf4 g5 12. Bg3 f5 13. Ne5 Nxg3 14. Nxc6 Nxh1 15. Nxd8
Bxd8 16. g3 f4 17. Bg2 fxg3 18. Bxh1 Rxf2 19. Ne2 Rxh2 20. Bf3 Rf2 21. c6 Rxf3
22. cxd7 Bxd7 23. Kd2 g4 24. Rh1 Rc8 25. Qxh7+ Kf8 26. Qxd7 1-0

[Event "Titled Tue 17th Jun Early"]
[Site "chess.com INT"]
[Date "2025.06.17"]
[Round "3"]
[White "Lopez Abreu, Michel Samuel"]
[Black "Karpenko, Anton"]
[Result "0-1"]
[WhiteTitle "FM"]
[BlackTitle "CM"]
[WhiteElo "2038"]
[BlackElo "2219"]
[WhiteFideId "3927903"]
[BlackFideId "34374353"]
[EventDate "2025.06.17"]

1. d4 Nf6 2. Nf3 e6 3. Bf4 c5 4. e3 cxd4 5. exd4 Be7 6. c3 b6 7. Bd3 Ba6 8. Bxa6
Nxa6 9. Nbd2 O-O 10. O-O d6 11. h3 Nc7 12. Re1 b5 13. a3 Rb8 14. Ne4 a5 15.
Nxf6+ Bxf6 16. Qd2 h6 17. Bg3 Qd7 18. Bh4 Bxh4 19. Nxh4 Nd5 20. Nf3 Rfc8 21.
Rac1 Rc6 22. Re2 Qc7 23. Ne1 b4 24. Nd3 bxc3 25. bxc3 Rxc3 26. Rd1 Qc4 27. Nb2
Qa2 28. Nd3 Qxd2 29. Rexd2 Rxa3 30. Nb2 Rc3 31. Na4 Rcb3 32. Rc1 R8b4 33. Rc8+
Kh7 0-1

[Event "Titled Tue 17th Jun Early"]
[Site "chess.com INT"]
[Date "2025.06.17"]
[Round "3"]
[White "Gu, Xiaobing"]
[Black "Nikulina, Alena"]
[Result "1-0"]
[WhiteTitle "WGM"]
[BlackTitle "WFM"]
[WhiteElo "2148"]
[BlackElo "1875"]
[WhiteFideId "8602611"]
[BlackFideId "4172051"]
[EventDate "2025.06.17"]

1. e4 c5 2. Nf3 e6 3. c4 Nc6 4. d4 cxd4 5. Nxd4 Nf6 6. Nc3 Bb4 7. Nxc6 Bxc3+ 8.
bxc3 bxc6 9. e5 Ne4 10. Bd3 Nc5 11. O-O d5 12. Ba3 Nd7 13. Bd6 Qg5 14. f4 Qd8
15. f5 exf5 16. Bxf5 Nb6 17. Qg4 g6 18. Bxc8 Rxc8 19. c5 Nc4 20. e6 f5 21. Rxf5
Ne3 22. Qd4 Rg8 23. Qg7 Nxf5 24. Qxg8# 1-0

[Event "Titled Tue 17th Jun Early"]
[Site "chess.com INT"]
[Date "2025.06.17"]
[Round "3"]
[White "Mafra, Kaiser Luiz"]
[Black "Lissillour, Baptiste"]
[Result "0-1"]
[WhiteTitle "CM"]
[BlackTitle "FM"]
[WhiteElo "2076"]
[BlackElo "2312"]
[WhiteFideId "2106698"]
[BlackFideId "45179620"]
[EventDate "2025.06.17"]

1. d4 Nf6 2. Nc3 d5 3. Bf4 c5 4. e3 cxd4 5. exd4 Bg4 6. f3 Bd7 7. Bd3 Nc6 8. a3
Nxd4 9. Be5 Nc6 10. Bxf6 gxf6 11. Nxd5 e6 12. Nc3 f5 13. Qe2 Bg7 14. Bxf5 Nd4
15. Qc4 Nxf5 16. O-O-O Rc8 17. Qb3 Qb6 18. Qxb6 axb6 19. Ne4 Ke7 20. g4 Nd4 21.
c3 Nb3+ 22. Kb1 Bc6 23. Nh3 Rhd8 24. Nf4 Bxe4+ 25. fxe4 Nd2+ 26. Kc2 Nxe4 27.
Rde1 Nxc3 28. bxc3 Rxc3+ 29. Kb1 Rxa3 30. Nh5 Bh8 31. Ng3 Rd2 32. Kc1 Rb2 33.
Nf5+ Kf8 0-1

[Event "Titled Tue 17th Jun Early"]
[Site "chess.com INT"]
[Date "2025.06.17"]
[Round "3"]
[White "Loskutova, Viktoriya"]
[Black "Domin, Yan"]
[Result "0-1"]
[WhiteTitle "WFM"]
[BlackTitle "FM"]
[WhiteElo "2092"]
[BlackElo "2222"]
[WhiteFideId "34166278"]
[BlackFideId "34169342"]
[EventDate "2025.06.17"]

1. e4 d6 2. d4 Nf6 3. Nc3 g6 4. Nf3 Bg7 5. Be3 O-O 6. Qd2 c5 7. dxc5 dxc5 8.
Qxd8 Rxd8 9. Bxc5 Nc6 10. Bb5 Nd7 11. Be3 Nde5 12. Nxe5 Bxe5 13. Nd5 Bxb2 14.
Rb1 Ba3 15. Bxc6 bxc6 16. Nc7 Be6 17. Nxa8 Rxa8 18. O-O a5 19. Rb6 a4 20. Rfb1
Bd6 21. Rxc6 Bxa2 22. Ra1 Be6 23. c4 a3 24. c5 Be5 25. Rd1 a2 26. f4 a1=Q 27.
Rxa1 Bxa1 28. Rc7 Kf8 29. c6 Ke8 30. Bc5 Kd8 31. Rxe7 Bd4+ 0-1

[Event "Titled Tue 17th Jun Early"]
[Site "chess.com INT"]
[Date "2025.06.17"]
[Round "3"]
[White "Ahn, Hongjin"]
[Black "Harshit, Ranjan Sahu"]
[Result "0-1"]
[WhiteTitle "IM"]
[BlackTitle "CM"]
[WhiteElo "2304"]
[BlackElo "2191"]
[WhiteFideId "13201492"]
[BlackFideId "25638815"]
[EventDate "2025.06.17"]

1. e4 c5 2. Nf3 d6 3. d4 cxd4 4. Qxd4 Nc6 5. Qe3 Nf6 6. h3 g6 7. Be2 Bg7 8. O-O
O-O 9. Rd1 a6 10. c4 Qc7 11. Nc3 Be6 12. Bd2 Rac8 13. Rac1 Qb8 14. b3 Nd7 15.
Nd5 Rfe8 16. Bc3 f6 17. Nd4 Bf7 18. Bg4 e6 19. Nxc6 bxc6 20. Nf4 Bh6 21. Qg3 d5
22. Bd2 Nc5 23. f3 dxe4 24. Be3 Nd3 25. Rxd3 exd3 26. Re1 Rcd8 27. Bd2 f5 28.
Bh5 Bg7 29. Bxg6 hxg6 30. Nxg6 Qxg3 0-1

[Event "Titled Tue 17th Jun Early"]
[Site "chess.com INT"]
[Date "2025.06.17"]
[Round "3"]
[White "Kozusek, Daniel"]
[Black "Zong, Davis"]
[Result "1-0"]
[WhiteTitle "FM"]
[BlackTitle "FM"]
[WhiteElo "2345"]
[BlackElo "2242"]
[WhiteFideId "349500"]
[BlackFideId "30903955"]
[EventDate "2025.06.17"]

1. d4 d5 2. Bf4 c5 3. e3 Nc6 4. c3 Nf6 5. Nd2 e6 6. Ngf3 Bd6 7. Bg3 O-O 8. Bb5
Ne7 9. Bd3 b6 10. e4 dxe4 11. Nxe4 Nxe4 12. Bxe4 Rb8 13. dxc5 Bxg3 14. hxg3
Qxd1+ 15. Kxd1 f5 16. Bd3 bxc5 17. Kc2 h6 18. Bc4 Kf7 19. Rhe1 Kf6 20. Rad1 Rb6
21. Ne5 Nc6 22. f4 Nxe5 23. Rxe5 Bb7 24. Rxc5 Bxg2 25. Rc7 Be4+ 26. Kc1 a5 27.
Rdd7 g5 28. Rh7 gxf4 29. gxf4 Kg6 30. Rcg7+ Kh5 31. Be2+ 1-0

[Event "Titled Tue 17th Jun Early"]
[Site "chess.com INT"]
[Date "2025.06.17"]
[Round "3"]
[White "Ziegler, Ari"]
[Black "Shafer, Logan C"]
[Result "1/2-1/2"]
[WhiteTitle "IM"]
[BlackTitle "CM"]
[WhiteElo "2297"]
[BlackElo "2217"]
[WhiteFideId "1700987"]
[BlackFideId "30993342"]
[EventDate "2025.06.17"]

1. d4 Nf6 2. c4 e6 3. Nf3 d5 4. Nc3 Nbd7 5. Bf4 dxc4 6. e4 Bb4 7. e5 Nd5 8. Bd2
Bxc3 9. bxc3 b5 10. Be2 Bb7 11. O-O O-O 12. Ng5 h6 13. Ne4 f5 14. exf6 N5xf6 15.
Ng3 c5 16. Rb1 a6 17. Bxc4 Bd5 18. Bxd5 exd5 19. Qc2 Rc8 20. Bxh6 gxh6 21. Qg6+
Kh8 22. Qxh6+ Nh7 23. Qxa6 Qh4 24. Qxb5 Ndf6 25. dxc5 Ng4 26. h3 Nxf2 27. Rxf2
Rxf2 28. Kxf2 Rf8+ 29. Kg1 Qxg3 30. Qb4 Ng5 31. Qd4+ Kh7 32. Rb7+ Rf7 33. Rxf7+
Nxf7 34. Qxd5 Ng5 35. Qf5+ Kh6 36. c6 Qxc3 37. Qf8+ Kg6 38. Qe8+ Kh6 39. Qf8+
Kg6 40. Qd6+ Kh5 41. c7 Qe3+ 42. Kh2 Nf3+ 43. gxf3 Qf2+ 44. Kh1 Qf1+ 45. Kh2
Qf2+ 46. Kh1 Qf1+ 47. Kh2 Qf2+ 1/2-1/2

[Event "Titled Tue 17th Jun Early"]
[Site "chess.com INT"]
[Date "2025.06.17"]
[Round "3"]
[White "Khafizova, Diana"]
[Black "Sobek, Jaroslav"]
[Result "1-0"]
[WhiteTitle "WFM"]
[BlackTitle "FM"]
[WhiteElo "2075"]
[BlackElo "2195"]
[WhiteFideId "34378049"]
[BlackFideId "301388"]
[EventDate "2025.06.17"]

1. c4 c5 2. b3 Nf6 3. Bb2 b6 4. Nf3 Bb7 5. Nc3 e6 6. e3 Be7 7. Be2 O-O 8. O-O d5
9. cxd5 Nxd5 10. Nxd5 Bxd5 11. d4 Bf6 12. Rc1 Nc6 13. Nd2 Ne7 14. e4 Bb7 15. e5
Bg5 16. f4 Bh6 17. dxc5 bxc5 18. Nc4 Nf5 19. Bf3 Qxd1 20. Rcxd1 Bxf3 21. Rxf3
Rfd8 22. Rxd8+ Rxd8 23. g3 Nd4 24. Bxd4 cxd4 25. Kf2 f6 26. h4 fxe5 27. Nxe5 g6
28. Rd3 Bg7 29. Nc6 Rd7 30. Kf3 Kf7 31. Ke4 Rc7 32. Nxd4 Bxd4 33. Rxd4 Kf6 34.
a4 h5 35. Rd3 a5 36. Kd4 Rc2 37. Rc3 Re2 38. Kc4 e5 39. fxe5+ Rxe5 40. Rf3+ Ke6
41. Kc3 1-0

[Event "Titled Tue 17th Jun Early"]
[Site "chess.com INT"]
[Date "2025.06.17"]
[Round "3"]
[White "Schmakel, Sam"]
[Black "Xiong, Jeffery"]
[Result "0-1"]
[WhiteTitle "IM"]
[BlackTitle "GM"]
[WhiteElo "2456"]
[BlackElo "2639"]
[WhiteFideId "2039311"]
[BlackFideId "2047640"]
[EventDate "2025.06.17"]

1. e4 e6 2. d4 d5 3. Nc3 Bb4 4. e5 c5 5. Bd2 Ne7 6. a3 Bxc3 7. Bxc3 b6 8. h4 O-O
9. h5 h6 10. Nf3 Nec6 11. g4 f6 12. dxc5 fxe5 13. Nxe5 d4 14. Nxc6 Nxc6 15. Bd2
Qd5 16. Rh3 bxc5 17. Qe2 a5 18. f4 Ba6 19. Qg2 Bxf1 20. Qxd5 exd5 21. Kxf1 Ne5
22. Rg3 Nc4 23. Bc1 a4 24. b3 axb3 25. cxb3 Ne3+ 26. Bxe3 dxe3 27. Ke2 d4 28. f5
Rfb8 29. g5 Kf7 30. gxh6 gxh6 31. Rag1 Rxb3 32. Rg7+ Kf6 33. R1g6+ Ke5 34. f6
Rb2+ 35. Kd3 Rxa3+ 36. Kc4 Rc3# 0-1

[Event "Titled Tue 17th Jun Early"]
[Site "chess.com INT"]
[Date "2025.06.17"]
[Round "3"]
[White "Popov, Tikhon"]
[Black "Sarana, Alexey"]
[Result "0-1"]
[WhiteTitle "CM"]
[BlackTitle "GM"]
[WhiteElo "2173"]
[BlackElo "2686"]
[WhiteFideId "24252026"]
[BlackFideId "24133795"]
[EventDate "2025.06.17"]

1. e4 c5 2. Nf3 d6 3. Bb5+ Bd7 4. Bxd7+ Qxd7 5. c4 Nc6 6. Nc3 Nf6 7. d4 cxd4 8.
Nxd4 Qg4 9. Qxg4 Nxg4 10. Nde2 Nb4 11. O-O g6 12. f3 Ne5 13. b3 Bg7 14. Rb1 Rc8
15. Rd1 a6 16. a4 Nec6 17. Be3 O-O 18. Nd5 Nxd5 19. exd5 Ne5 20. Bd4 a5 21. f4
Nd7 22. Bxg7 Kxg7 23. Nd4 Nc5 24. Re1 Rfe8 25. Re3 e5 26. Rbe1 e4 27. g4 Nd3 28.
Rf1 Re7 29. f5 Re5 30. Nb5 Rd8 31. Nc3 Nc5 32. Rf4 gxf5 33. gxf5 Rde8 34. f6+
Kg6 35. h4 Rf5 36. Rg4+ Kxf6 37. Nxe4+ Nxe4 38. Rgxe4 Rxe4 39. Rxe4 Rf3 40. Kg2
Rxb3 41. Rf4+ Ke7 42. Re4+ Kf8 43. h5 Rb4 44. h6 Rxa4 45. Rg4 b5 46. Rg7 Rxc4
47. Rxh7 Rg4+ 48. Kf3 Rg8 0-1

[Event "Titled Tue 17th Jun Early"]
[Site "chess.com INT"]
[Date "2025.06.17"]
[Round "3"]
[White "Abraham, John Z"]
[Black "Cardozo Munar, Carlos Eduardo"]
[Result "0-1"]
[BlackTitle "FM"]
[WhiteElo "2108"]
[BlackElo "2052"]
[WhiteFideId "30987318"]
[BlackFideId "4409477"]
[EventDate "2025.06.17"]

1. d4 d5 2. c4 e6 3. Nf3 a6 4. Nc3 dxc4 5. a4 Nc6 6. e4 Na5 7. Ne5 Nb3 8. Rb1
Bb4 9. Be3 b5 10. axb5 axb5 11. Nc6 Qd6 12. Nxb4 Qxb4 13. Be2 Nf6 14. O-O O-O
15. f4 Bb7 16. Bf3 Rfd8 17. e5 Nd5 18. Bxd5 Bxd5 19. Qg4 g6 20. h4 h5 21. Qg5 c5
22. dxc5 Nxc5 23. f5 exf5 24. Nxd5 Rxd5 25. Rxf5 Ne6 26. Qg4 hxg4 0-1

[Event "Titled Tue 17th Jun Early"]
[Site "chess.com INT"]
[Date "2025.06.17"]
[Round "3"]
[White "Gavarrete, Nahun"]
[Black "Zozek Salah Mohammed"]
[Result "0-1"]
[WhiteTitle "FM"]
[BlackTitle "FM"]
[WhiteElo "2281"]
[BlackElo "2205"]
[WhiteFideId "8400709"]
[BlackFideId "4803361"]
[EventDate "2025.06.17"]

1. e4 d5 2. exd5 Qxd5 3. Nc3 Qd8 4. Nf3 Nf6 5. d4 a6 6. Be2 b5 7. a3 Bb7 8. h3
Nbd7 9. Be3 e6 10. Qd2 c5 11. dxc5 Nxc5 12. O-O-O Qxd2+ 13. Rxd2 Be7 14. Rhd1
O-O 15. g3 Nd5 16. Nxd5 Bxd5 17. Kb1 Ne4 18. Rd4 Bc5 19. Rxd5 exd5 20. Nd4 Rfe8
21. Bf3 Nxg3 22. Bxd5 Rad8 23. Bb3 Bxd4 24. Rxd4 Rxd4 25. Bxd4 Re1+ 26. Ka2 Ne2
27. Be3 Nc1+ 28. Bxc1 Rxc1 29. a4 Rf1 30. axb5 axb5 31. Bd5 Rxf2 32. Bc6 Rxc2
33. Bxb5 f5 34. Bd7 f4 35. Bg4 Rg2 36. Be6+ Kf8 37. Bd5 Rg3 38. h4 f3 39. Bc4 f2
40. Bf1 Rg1 41. Bh3 f1=Q 42. Bxf1 Rxf1 43. b4 Rf4 44. Ka3 Rxh4 45. Ka4 Rxb4+ 46.
Kxb4 Ke7 47. Kc4 Kf6 48. Kd3 Kf5 49. Ke2 Kf4 50. Kf2 g5 51. Kg2 h5 52. Kh2 h4
53. Kg2 g4 54. Kh2 Kf3 55. Kg1 Kg3 56. Kh1 Kf2 57. Kh2 g3+ 58. Kh3 g2 59. Kxh4
g1=Q 60. Kh3 Qg5 61. Kh2 Qg4 62. Kh1 Qg5 63. Kh2 Qg8 64. Kh3 Qg3# 0-1

[Event "Titled Tue 17th Jun Early"]
[Site "chess.com INT"]
[Date "2025.06.17"]
[Round "3"]
[White "Krzywda, Andrzej"]
[Black "Filev, Georgi"]
[Result "1-0"]
[WhiteTitle "CM"]
[BlackTitle "FM"]
[WhiteElo "2175"]
[BlackElo "2189"]
[WhiteFideId "1114565"]
[BlackFideId "2907500"]
[EventDate "2025.06.17"]

1. e4 c5 2. Nf3 d6 3. d4 cxd4 4. Nxd4 Nf6 5. Nc3 g6 6. Be3 Nc6 7. f3 h5 8. Bc4
Bg7 9. Bb3 Bd7 10. Qd2 Na5 11. O-O-O Rb8 12. Kb1 b5 13. Nd5 Nxb3 14. cxb3 O-O
15. Bh6 Nxd5 16. exd5 a5 17. Bxg7 Kxg7 18. Rhe1 b4 19. Rc1 Re8 20. Ka1 Qb6 21.
Qe3 Kg8 22. g4 hxg4 23. fxg4 Bxg4 24. Qf4 Bd7 25. h4 Rbc8 26. h5 Rxc1+ 27. Rxc1
Kg7 28. Rf1 Rf8 29. hxg6 f6 30. Rh1 Kxg6 31. Qh6+ Kf7 32. Qh5+ 1-0

[Event "Titled Tue 17th Jun Early"]
[Site "chess.com INT"]
[Date "2025.06.17"]
[Round "3"]
[White "Bratovic, Blaz"]
[Black "Shokirjonova, Barchinoy"]
[Result "1-0"]
[WhiteTitle "IM"]
[BlackTitle "WFM"]
[WhiteElo "2319"]
[BlackElo "2010"]
[WhiteFideId "14603551"]
[BlackFideId "14212307"]
[EventDate "2025.06.17"]

1. e4 e5 2. Nf3 Nc6 3. Bc4 Bc5 4. d3 d6 5. a4 Nf6 6. Bg5 h6 7. Bh4 a5 8. Nc3 Be6
9. Nd5 g5 10. Nxg5 hxg5 11. Bxg5 Bxd5 12. Bxd5 Nd4 13. c3 Ne6 14. Bxe6 fxe6 15.
Qf3 Rf8 16. O-O-O Bb6 17. d4 Qe7 18. dxe5 dxe5 19. h4 Qf7 20. Qd3 c6 21. Bxf6
Qc7 22. Bxe5 Qf7 23. Bf6 Qc7 24. e5 c5 25. h5 c4 26. Qg6+ Rf7 27. h6 Bxf2 28. h7
Be3+ 29. Kb1 1-0

[Event "Titled Tue 17th Jun Early"]
[Site "chess.com INT"]
[Date "2025.06.17"]
[Round "3"]
[White "Guliev, Gasan"]
[Black "Duarte Cramer, Lily Jeanette"]
[Result "1-0"]
[WhiteTitle "CM"]
[BlackTitle "WCM"]
[WhiteElo "2123"]
[BlackElo "1828"]
[WhiteFideId "34165638"]
[BlackFideId "29620180"]
[EventDate "2025.06.17"]

1. c4 c6 2. Nf3 d5 3. d4 Nf6 4. Qc2 Bg4 5. Ne5 Bh5 6. e3 e6 7. Nc3 Bd6 8. f4
Bxe5 9. fxe5 Bg6 10. Qb3 Ne4 11. Qxb7 Qh4+ 12. g3 Qd8 13. Qxa8 Qc7 14. cxd5 Nxc3
15. bxc3 cxd5 16. Bb5+ Kd8 17. O-O Kc8 18. Ba3 Qb6 19. c4 dxc4 20. Bxc4 Qa5 21.
Bd6 Kd7 22. Qb7+ Ke8 23. Qxb8+ Qd8 24. Bb5# 1-0

[Event "Titled Tue 17th Jun Early"]
[Site "chess.com INT"]
[Date "2025.06.17"]
[Round "3"]
[White "Rom, Jasper"]
[Black "Papasimakopoulos, Alexandros"]
[Result "0-1"]
[BlackTitle "IM"]
[WhiteElo "2163"]
[BlackElo "2366"]
[WhiteFideId "2023733"]
[BlackFideId "4244125"]
[EventDate "2025.06.17"]

1. e4 e6 2. d4 d5 3. Bd3 c5 4. exd5 exd5 5. dxc5 Bxc5 6. Nf3 Nf6 7. O-O O-O 8.
Bg5 h6 9. Bh4 Bg4 10. Nc3 Nc6 11. Rb1 Nd4 12. Be2 Nxe2+ 13. Qxe2 g5 14. Bg3 Re8
15. Qd3 d4 16. Nb5 Ne4 17. Rfe1 Bf5 18. Qb3 a6 19. Na3 b5 20. Rbd1 h5 21. Be5 g4
22. Nxd4 Rxe5 23. Nxf5 Qf6 24. Ne3 Qxf2+ 25. Kh1 Rae8 26. Nd5 Qg1+ 0-1

[Event "Titled Tue 17th Jun Early"]
[Site "chess.com INT"]
[Date "2025.06.17"]
[Round "3"]
[White "Tekeyev, Zaur"]
[Black "Sheehan, Ethan"]
[Result "0-1"]
[WhiteTitle "IM"]
[WhiteElo "2407"]
[BlackElo "2364"]
[WhiteFideId "4199731"]
[BlackFideId "30943965"]
[EventDate "2025.06.17"]

1. e4 e5 2. Nf3 Nc6 3. Bc4 Nf6 4. d3 Bc5 5. O-O O-O 6. h3 a6 7. c3 d6 8. a4 Ba7
9. Re1 Be6 10. Bxe6 fxe6 11. b4 Nh5 12. Ra2 Nf4 13. Bxf4 Rxf4 14. Nbd2 Ne7 15.
Nf1 Ng6 16. g3 Rf6 17. N1h2 Qe7 18. Kg2 Raf8 19. d4 exd4 20. cxd4 e5 21. Re3
exd4 22. Nxd4 Qf7 23. Ree2 Qc4 24. Qb3 Ne5 25. Qxc4+ Nxc4 26. Nf5 c6 27. Rec2
Ne5 28. f4 Nd3 29. Rd2 Nxb4 30. Rab2 Bc5 31. a5 Re6 32. Kf3 d5 33. exd5 Nxd5 34.
g4 g6 0-1

[Event "Titled Tue 17th Jun Early"]
[Site "chess.com INT"]
[Date "2025.06.17"]
[Round "3"]
[White "Reshetnikov, Alexey"]
[Black "So, Wesley"]
[Result "0-1"]
[WhiteTitle "IM"]
[BlackTitle "GM"]
[WhiteElo "2492"]
[BlackElo "2745"]
[WhiteFideId "4162080"]
[BlackFideId "5202213"]
[EventDate "2025.06.17"]

1. d4 d5 2. c4 e6 3. Nc3 a6 4. cxd5 exd5 5. Nf3 Nf6 6. Bg5 Be6 7. e3 Nbd7 8. Bd3
Bd6 9. O-O c6 10. h3 Qc7 11. Rb1 h6 12. Bxf6 Nxf6 13. b4 O-O 14. Qc2 Rfe8 15.
Na4 Ne4 16. Nc5 Bf5 17. Nd2 Qe7 18. a3 g6 19. Rbe1 h5 20. f4 Ng3 21. Rf3 Qh4 22.
Qd1 Bxc5 23. Bxf5 Bxb4 24. axb4 Nxf5 25. Nb3 Re7 26. Kh2 Rae8 27. g3 Qf6 28. Qd3
Qd6 29. Qc3 b6 30. g4 Nxe3 31. Rexe3 Rxe3 32. Rxe3 Qxf4+ 33. Rg3 h4 0-1

[Event "Titled Tue 17th Jun Early"]
[Site "chess.com INT"]
[Date "2025.06.17"]
[Round "3"]
[White "Yezhel, Valiantsin"]
[Black "Oppezzo, Sebastian"]
[Result "1-0"]
[WhiteTitle "FM"]
[WhiteElo "2256"]
[BlackElo "2177"]
[WhiteFideId "13504983"]
[BlackFideId "112321"]
[EventDate "2025.06.17"]

1. d4 g6 2. h4 Bg7 3. h5 gxh5 4. Rxh5 Nf6 5. Rh1 d6 6. Nf3 Bg4 7. c3 Nc6 8. Bg5
Ne4 9. Bh4 Qd7 10. Qb3 d5 11. Nbd2 Bxf3 12. Nxf3 O-O-O 13. O-O-O Na5 14. Qa3 b6
15. e3 Kb8 16. Bd3 Bf6 17. Bxf6 exf6 18. Bxe4 dxe4 19. Nh4 Rhg8 20. g3 Nc4 21.
Qb3 Qd5 22. Ng2 a5 23. Nf4 Qc6 24. Rxh7 Rd7 25. d5 Qc5 26. Rd4 Nd6 27. a4 Kb7
28. Nh5 Nf5 29. Nxf6 Nxd4 30. exd4 Qd6 31. Nxd7 Qxd7 32. Qc4 Qf5 33. d6 cxd6 34.
Rxf7+ 1-0